Régimen local : decreto de 18 de diciembre de 1953 por el que se aprueban las normas que desarrollan provisionalmente la Ley de Bases de 3 de diciembre de 1953 decreto de 18 de diciembre de 1953 por el que se aprueban las normas que desarrollan provisionalmente la Ley de Bases de 3 de diciembre de 1953
Descripción Física:
80 p. ; 16 cm
MARC
| LEADER | 00000nam a2200000Ia 4500 | ||
|---|---|---|---|
| 001 | 14156 | ||
| 008 | 160829s1954 xx 000 0 cat d | ||
| 080 | |a D-2-86 | ||
| 100 | |a Espanya. Lleis, etc. |9 23269 | ||
| 245 | |a Régimen local : |b decreto de 18 de diciembre de 1953 por el que se aprueban las normas que desarrollan provisionalmente la Ley de Bases de 3 de diciembre de 1953 | ||
| 260 | |a Barcelona : |b Bayer, |c 1954 | ||
| 300 | |a 80 p. ; |c 16 cm | ||
| 490 | |a Biblioteca legislativa de La Administración Práctica | ||
| 590 | |a Índex | ||
| 650 | 0 | |a Finances locals |x Dret i legislació |x Espanya |9 23875 | |
| 901 | |a Arxiu | ||
| 942 | |n 1 | ||
| 952 | |0 0 |1 0 |4 0 |6 D286 |7 1 |9 42644 |a Arxiu |b Arxiu |d 2016-12-01 |l 0 |o D-2-86 |p 14156 |r 2016-12-01 00:00:00 |w 2016-12-01 |y ARXIU | ||
| 999 | |c 45150 |d 45150 | ||